| 000 | 01064cam a22002773a 4500 | ||
|---|---|---|---|
| 001 | 28288 | ||
| 003 | PGUSA | ||
| 005 | 20140828083618.0 | ||
| 008 | 090309s2009||||xxu|||||s|||||000 | eng d | ||
| 040 |
_aPGUSA _beng |
||
| 042 | _adc | ||
| 050 | 4 | _aDH | |
| 100 | 1 |
_aEdwards, George Wharton, _d1859-1950 |
|
| 245 | 1 | 0 |
_aVanished towers and chimes of Flanders _h[electronic resource] / _cGeorge Wharton Edwards |
| 260 |
_bProject Gutenberg, _c2009 |
||
| 505 | 0 | _aMalines, and some of the vanished towers -- Some carillons of Flanders -- Dixmude -- Ypres -- Commines -- Bergues -- Nieuport -- Alost -- Courtrai -- Termonde (Dendermonde) -- Louvain -- Douai -- Oudenaarde -- Furnes -- The artists of Malines -- A word about the Belgians. | |
| 506 | _aPublic domain in the USA. | ||
| 516 | _aElectronic text | ||
| 653 | _aChurch buildings -- Flanders | ||
| 653 | _aFlanders -- Description and travel | ||
| 653 | _aChange ringing | ||
| 653 | _aChimes | ||
| 830 | 0 |
_aProject Gutenberg _v28288 |
|
| 856 | 4 | 0 | _uhttp://www.gutenberg.org/ebooks/28288 |
| 942 | _cEB | ||
| 999 |
_c257543 _d257543 |
||